Kozier & Erb's Fundamentals of Nursing (Record no. 1308)

MARC details
000 -LEADER
Fixed length control field 00723nam a2200241Ia 4500
003 - CONTROL NUMBER IDENTIFIER
Control field IIN
005 - DATE AND TIME OF LATEST TRANSACTION
Control field 20250430104356.0
008 - FIXED-LENGTH DATA ELEMENTS--GENERAL INFORMATION
Fixed length control field 231217s9999 xx adc 001 0 eng d
020 ## - INTERNATIONAL STANDARD BOOK NUMBER / ISBN
Price Rs.1999.00
International Standard Book Number 9789353949273
040 ## - CATALOGING SOURCE
Original cataloging agency IIN
Language of cataloging Eng
082 ## - DEWEY DECIMAL CLASSIFICATION NUMBER
Classification number 610.73
Book Number BER
100 1# - MAIN ENTRY--PERSONAL NAME
Personal name Berman, Audrey
245 1# - TITLE STATEMENT
Title Kozier & Erb's Fundamentals of Nursing
Sub title Concepts, Process and Practice/
Statement of responsibility Audrey Berman, Shirlee J. Snyder & Geralyn Frandsen
250 ## - EDITION STATEMENT
Edition statement 11th ed
260 ## - IMPRINT
Name of publisher Pearson
Place of publication Uttar Pradesh
Date of publication 2022
300 ## - PHYSICAL DESCRIPTION
Page / Vol. No 1533p.
Other physical details col. ill.
500 ## - GENERAL NOTE
General note Includes Index
650 1# - SUBJECT ADDED ENTRY--TOPICAL TERM
Topical term Foundation
Form subdivision Nursing
650 1# - SUBJECT ADDED ENTRY--TOPICAL TERM
Topical term Fundamental
Form subdivision Nursing
700 1# - ADDED ENTRY--PERSONAL NAME
Personal name Snyder, Shirlee J.
700 1# - ADDED ENTRY--PERSONAL NAME
Personal name Frandsen, Geralyn
942 ## - ADDED ENTRY ELEMENTS (KOHA)
Koha item type Books
Holdings
Withdrawn status Lost status Source of classification Damaged status Not for loan Collection code Home library Current library Date acquired Price Total Checkouts Call number Accession number Date last seen Copy number Price effective from Koha item type Shelving location
    Dewey Decimal Classification       IDEAL INSTITUTE OF NURSING IDEAL INSTITUTE OF NURSING 17/12/2023 1999.00   610.73 BER 1302 17/12/2023 1 17/12/2023 Books  
    Dewey Decimal Classification       IDEAL INSTITUTE OF NURSING IDEAL INSTITUTE OF NURSING 17/12/2023 1999.00   610.73 BER 1303 17/12/2023 2 17/12/2023 Books  
    Dewey Decimal Classification       IDEAL INSTITUTE OF NURSING IDEAL INSTITUTE OF NURSING 17/12/2023 1999.00   610.73 BER 1304 17/12/2023 3 17/12/2023 Books  
    Dewey Decimal Classification     Purches Book IDEAL INSTITUTE OF NURSING IDEAL INSTITUTE OF NURSING 11/03/2025 2200.00   610.73 BER 1942 30/04/2025 4 30/04/2025 Books General Stacks
© Ideal Institute Of Nursing, All rights reserved.         Powered by Koha